<?xml version="1.0" encoding="UTF-8"?>
<record
    xmlns:xsi="http://www.w3.org/2001/XMLSchema-instance"
    xsi:schemaLocation="http://www.loc.gov/MARC21/slim http://www.loc.gov/standards/marcxml/schema/MARC21slim.xsd"
    xmlns="http://www.loc.gov/MARC21/slim">

  <leader>01618nam a22001457a 4500</leader>
  <datafield tag="999" ind1=" " ind2=" ">
    <subfield code="c">528532</subfield>
    <subfield code="d">528532</subfield>
  </datafield>
  <controlfield tag="008">241211b           ||||| |||| 00| 0 eng d</controlfield>
  <datafield tag="100" ind1=" " ind2=" ">
    <subfield code="a">Merdan Seker, Shearmur, Richard and  Beaudet, G&#xE9;rard </subfield>
    <subfield code="9">49441</subfield>
  </datafield>
  <datafield tag="245" ind1=" " ind2=" ">
    <subfield code="a">Defying stereotypes, populism, and neoliberal discourse: Municipal agility and innovation during COVID</subfield>
  </datafield>
  <datafield tag="260" ind1=" " ind2=" ">
    <subfield code="a">Urban Affairs Review </subfield>
  </datafield>
  <datafield tag="300" ind1=" " ind2=" ">
    <subfield code="a">60(5), Sep, 2024: p.1323-1348</subfield>
  </datafield>
  <datafield tag="520" ind1=" " ind2=" ">
    <subfield code="a">Local governments are often viewed as basic service and infrastructure providers that are neither particularly proactive nor innovative: in certain influential circles, this view has taken on the trappings of &#x201C;common-sense,&#x201D; and underpins the protracted undermining of public-sector organizations, a hallmark of neoliberalism. However, the COVID crisis required municipalities to act with agility and speed, belying this &#x201C;common sense.&#x201D; We examine 54 examples of how municipalities in Qu&#xE9;bec adapted to the pandemic. The range of adaptation and innovation that we report illustrates that local government can be flexible, agile, and innovative when necessary. Our analysis suggests that innovation is not always desired by the innovator, that the impact of a project should be distinguished from its innovativeness, and that any assessment of municipal innovativeness and its impact requires careful consideration of who it is evaluated for, who it is evaluated by, and in what context.- Reproduced 

https://journals.sagepub.com/doi/full/10.1177/10780874231221469
</subfield>
  </datafield>
  <datafield tag="650" ind1=" " ind2=" ">
    <subfield code="a">Local governance, Public sector, Innovation, Covid. </subfield>
    <subfield code="9">49442</subfield>
  </datafield>
  <datafield tag="773" ind1=" " ind2=" ">
    <subfield code="a">Urban Affairs Review </subfield>
  </datafield>
  <datafield tag="942" ind1=" " ind2=" ">
    <subfield code="c">AR</subfield>
  </datafield>
  <datafield tag="952" ind1=" " ind2=" ">
    <subfield code="0">0</subfield>
    <subfield code="1">0</subfield>
    <subfield code="2">ddc</subfield>
    <subfield code="4">0</subfield>
    <subfield code="7">0</subfield>
    <subfield code="9">403625</subfield>
    <subfield code="a">IIPA</subfield>
    <subfield code="b">IIPA</subfield>
    <subfield code="d">2024-12-11</subfield>
    <subfield code="h">60(5), Sep, 2024: p.1323-1348</subfield>
    <subfield code="p">AR133925</subfield>
    <subfield code="r">2024-12-11</subfield>
    <subfield code="y">AR</subfield>
  </datafield>
</record>
